[Event "POL-chT2 South"]
[Site "Ustron"]
[Date "2001.09.??"]
[Round "?"]
[White "Janota, Henryk"]
[Black "Krajewski, Radoslaw"]
[Result "0-1"]
[WhiteElo "2254"]
[BlackElo "2088"]
[PlyCount "108"]
[EventDate "2001.09.14"]
[EventType "team-swiss"]
[EventRounds "10"]
[EventCountry "POL"]
[SourceTitle "EXT 2019"]
[Source "ChessBase"]
[SourceDate "2018.10.10"]
[SourceVersion "1"]
[SourceVersionDate "2018.10.10"]
[SourceQuality "1"]
[WhiteTeam "Bytom Rozbark"]
[WhiteTeamCountry "POL"]

1. d4 e6 2. c4 b6 3. Nf3 Bb7 4. Nc3 Bb4 5. a3 Bxc3+ 6. bxc3 f5 7. Nd2 Nf6 8. e3 0-0 9. a4 Nc6 10. Be2 Na5 11. f3 c5 12. Nb3 d6 13. Nxa5 bxa5 14. 0-0 Qc7 15. Bd3 Ba6 16. d5 Nd7 17. dxe6 Ne5 18. f4 Nxd3 19. Qxd3 Qe7 20. Rd1 Rad8 21. e4 Qxe6 22. exf5 Qxc4 23. Qxc4+ Bxc4 24. Be3 Rxf5 25. Rd2 Re8 26. Kf2 Rf6 27. Rdd1 Rfe6 28. Re1 Kf7 29. Rab1 Ba6 30. g3 g6 31. Kf3 R8e7 32. Bd2 Bb7+ 33. Kf2 Rxe1 34. Rxe1 Rxe1 35. Bxe1 Ke6 36. Ke3 Kd5 37. Kd3 Ba6+ 38. Kc2 Kc4 39. g4 Bc8 40. h3 Bd7 41. Kb2 Bxa4 42. f5 gxf5 43. gxf5 d5 44. Bg3 Bd7 45. f6 Be8 46. Bc7 a4 47. Be5 a6 48. h4 d4 49. cxd4 cxd4 50. Bd6 Kd5 51. Bf8 Ke4 52. Kc2 Ke3 53. Kd1 Bh5+ 54. Kc1 Ke2 0-1

[Event "POL-chT2 South"]
[Site "Ustron"]
[Date "2001.09.??"]
[Round "?"]
[White "Zaboklicki, Zbigniew"]
[Black "Janota, Henryk"]
[Result "1/2-1/2"]
[WhiteElo "2079"]
[BlackElo "2254"]
[PlyCount "40"]
[EventDate "2001.09.14"]
[EventType "team-swiss"]
[EventRounds "10"]
[EventCountry "POL"]
[SourceTitle "EXT 2019"]
[Source "ChessBase"]
[SourceDate "2018.10.10"]
[SourceVersion "1"]
[SourceVersionDate "2018.10.10"]
[SourceQuality "1"]
[BlackTeam "Bytom Rozbark"]
[BlackTeamCountry "POL"]

1. b3 Nf6 2. Bb2 d5 3. g3 g6 4. Bg2 Bg7 5. Nf3 0-0 6. c4 c6 7. 0-0 Bg4 8. cxd5 cxd5 9. h3 Bxf3 10. Bxf3 Nc6 11. d3 Qd6 12. Qd2 Ne8 13. Bxg7 Nxg7 14. Nc3 e6 15. d4 Nf5 16. e3 Rac8 17. Rac1 Qe7 18. Bg2 Qg5 19. Ne2 Qe7 20. Nf4 Nd6 1/2-1/2

[Event "POL-chT 2nd League South"]
[Site "Wisla"]
[Date "1998.??.??"]
[Round "?"]
[White "Kopacz, Grzegorz"]
[Black "Janota, Henryk"]
[Result "1-0"]
[WhiteElo "2175"]
[BlackElo "2255"]
[PlyCount "34"]
[EventDate "1998.11.20"]
[EventType "team-swiss"]
[EventRounds "10"]
[EventCountry "POL"]
[SourceTitle "EXT 2000"]
[Source "ChessBase"]
[SourceDate "1999.11.16"]
[SourceVersion "1"]
[SourceVersionDate "1999.11.16"]
[SourceQuality "1"]

1. c4 e6 2. Nf3 d5 3. g3 Nf6 4. Bg2 Be7 5. 0-0 0-0 6. b3 c5 7. d3 b6 8. Bb2 Bb7 9. e3 Nc6 10. Qe2 Qc7 11. Nc3 Rad8 12. Rfd1 a6 13. Rac1 d4 14. exd4 cxd4 15. Nb5 axb5 16. cxb5 Qd7 17. bxc6 Bxc6 1-0

[Event "Katowice Fibak op"]
[Site "Katowice"]
[Date "1993.??.??"]
[Round "6"]
[White "Janota, Henryk"]
[Black "Urban, Klaudiusz"]
[Result "1/2-1/2"]
[WhiteElo "2260"]
[BlackElo "2450"]
[PlyCount "117"]
[EventDate "1993.01.??"]
[EventType "swiss"]
[EventRounds "9"]
[EventCountry "POL"]
[SourceTitle "EXT 1998"]
[Source "ChessBase"]
[SourceDate "1997.11.17"]
[SourceVersion "1"]
[SourceVersionDate "1997.11.17"]
[SourceQuality "1"]

1. d4 Nf6 2. c4 g6 3. Nc3 Bg7 4. e4 d6 5. f3 0-0 6. Be3 c5 7. dxc5 dxc5 8. Qxd8 Rxd8 9. Bxc5 Nc6 10. Nge2 b6 11. Ba3 Bb7 12. Rd1 Nd7 13. Nd5 Nde5 14. Nec3 e6 15. Ne7+ Nxe7 16. Bxe7 Rdc8 17. c5 bxc5 18. Be2 c4 19. Kf2 a5 20. Na4 Nd3+ 21. Bxd3 cxd3 22. Rxd3 Rc2+ 23. Kg3 Be5+ 24. Kh3 Bc6 25. b3 Rxa2 26. Nb6 Bb5 27. Nc4 Bxc4 28. bxc4 Rc2 29. c5 a4 30. Rhd1 a3 31. f4 Bxf4 32. Bf6 Bc7 33. Ra1 a2 34. g3 e5 35. Be7 Rb2 36. Rdd1 Rab8 37. Bd6 Bxd6 38. cxd6 Kf8 39. Rd5 Ra8 40. d7 Ke7 41. Rad1 Rb1 42. Rxe5+ Kf6 43. Ra5 Rd8 44. Rd6+ Ke7 45. Rda6 Rxd7 46. Rxa2 Re1 47. R6a4 h5 48. Kg2 Kf6 49. Rf2+ Kg7 50. Rb4 g5 51. Rb5 f6 52. Rbf5 Rd6 53. e5 Rxe5 54. Rxe5 fxe5 55. Rf5 Rd2+ 56. Kg1 e4 57. Rxg5+ Kh6 58. h4 e3 59. Kf1 1/2-1/2

[Event "POL-chT 47th"]
[Site "Mikolajki"]
[Date "1991.09.??"]
[Round "6"]
[White "Janota, Henryk"]
[Black "Gralka, Julian"]
[Result "1/2-1/2"]
[WhiteElo "2235"]
[BlackElo "2305"]
[PlyCount "39"]
[EventDate "1991.09.20"]
[EventType "team-swiss"]
[EventRounds "9"]
[EventCountry "POL"]
[SourceTitle "EXT 2019"]
[Source "ChessBase"]
[SourceDate "2018.10.10"]
[SourceVersion "1"]
[SourceVersionDate "2018.10.10"]
[SourceQuality "1"]
[WhiteTeam "Bytom Start"]
[BlackTeam "Bydgoszcz Chemik"]
[WhiteTeamCountry "POL"]
[BlackTeamCountry "POL"]

1. d4 d5 2. c4 c6 3. Nc3 Nf6 4. Nf3 dxc4 5. a4 Bf5 6. Ne5 Na6 7. f3 Nd7 8. Nxc4 e5 9. dxe5 Qh4+ 10. g3 Qxc4 11. e4 Qc5 12. Bxa6 Bh3 13. Bf1 Bxf1 14. Kxf1 Qxe5 15. Kg2 Rd8 16. Qc2 Bb4 17. Bf4 Qe6 18. Rhd1 0-0 19. Bg5 Be7 20. Bxe7 1/2-1/2

[Event "POL-chB"]
[Site "Bielsko Biala"]
[Date "1991.??.??"]
[Round "5"]
[White "Janota, Henryk"]
[Black "Skalik, Przemyslaw"]
[Result "1-0"]
[WhiteElo "2250"]
[BlackElo "2415"]
[PlyCount "90"]
[EventDate "1991.??.??"]
[EventType "swiss"]
[EventRounds "11"]
[EventCountry "POL"]
[SourceTitle "EXT 1997"]
[Source "ChessBase"]
[SourceDate "1996.11.15"]
[SourceVersion "1"]
[SourceVersionDate "1996.11.15"]
[SourceQuality "1"]

1. d4 Nf6 2. c4 g6 3. Nc3 Bg7 4. e4 d6 5. Be2 0-0 6. Bg5 Na6 7. Qd2 e5 8. d5 c6 9. h4 cxd5 10. cxd5 h5 11. f3 Bd7 12. Nh3 Qa5 13. Nf2 Nc5 14. Rc1 Rac8 15. 0-0 Rc7 16. Nb5 Qxd2 17. Bxd2 Bxb5 18. Bxb5 Rfc8 19. Nd3 Nxd3 20. Bxd3 Kh7 21. Rxc7 Rxc7 22. Bb4 Bf8 23. Rf2 Be7 24. Rc2 Rxc2 25. Bxc2 Ne8 26. g3 Nc7 27. Bd3 Kg7 28. Kg2 f5 29. Ba5 fxe4 30. Bxe4 Nb5 31. Bd3 Nd4 32. Bc7 Nf5 33. Kf2 Kf7 34. Bb8 a6 35. Ba7 Bd8 36. Be4 b6 37. b4 Ne7 38. Bb8 Nc8 39. a4 a5 40. b5 Kg7 41. Kg2 Kf6 42. g4 Be7 43. Bc7 Bf8 44. Kg3 Kf7 45. gxh5 gxh5 1-0